| 000 | 01636 a2200193 4500 | ||
|---|---|---|---|
| 001 | 48547 | ||
| 005 | 20260407155750.0 | ||
| 008 | 260407a1969 arg spa d | ||
| 003 | AR-UNSa-BCEJYS | ||
| 040 |
_aAR-UNSa-BCEJYS _bspa _cAR-UNSa-BCEJYS |
||
| 080 |
_a338.2(82) _xPolítica económica. Control de la economía. Gestión de la economía. Planificación económica en Argentina |
||
| 245 | 1 | 0 | _aPolítica económica argentina y el M.C.E. |
| 264 | 1 |
_aBuenos Aires : _bPlus Ultra _c1969 |
|
| 300 |
_a177 p. _c20 cm. |
||
| 505 | _a1. Posición económica Argentina y anexos - 2. Posición política económica y social Americana y anexos - 3. Mercado común Europeo - 4. Análisis comparativo de la producción de la República Argentina y su colocación en el mercado Internacional y anexos - 5. Posición Argentina frente al Reino Unido - 6. España en el Mercado Argentino de carnes - 7. El mercado común Europeo como meta de nuestras exportaciones de carne - 8. Crisis en el mercado común Europeo. Posibilidades para la República Argentina. Devaluación de la libra esterlina - 9. Consecuencias sobre el mercado común Europeo y anexos - 10. Posibilidades de la República Argentina frente a Francia - 11. Posición Argentina frente a Italia - 12. Posición Argentina frente a Alemania - 13. Posición Argentina frente a Suiza - 14. Posición Argentina frente al Mercado Común Europeo y Anexos - 15. Política económica. Conclusión - 16. El Reino Unido, economía y política - 17. España, economía y política Y anexos. | ||
| 942 | _cBK | ||
| 590 | _aniveau_biblio:m niveau_hierar:0 | ||
| 100 | 1 | _aAcerbo, Antonio Alberto | |
| 999 |
_c4615 _d4615 |
||